Central Library OPAC University of Rajshahi

Kashmir adventure / (Record no. 18784)

MARC details
000 -LEADER
fixed length control field 00582nam a2200217u 4500
001 - CONTROL NUMBER
control field 18784
003 - CONTROL NUMBER IDENTIFIER
rucl marc code BD-RjUL
005 - DATE AND TIME OF LATEST TRANSACTION
control field 20211209000332.0
008 - FIXED-LENGTH DATA ELEMENTS--GENERAL INFORMATION
fixed length control field 140222s19581956enka j 000 0 eng
035 ## - SYSTEM CONTROL NUMBER
System control number (BD-RjUL)18842
040 ## - CATALOGING SOURCE
Original cataloging agency DLC
Transcribing agency CarP
Modifying agency DLC
Language of cataloging eng
041 ## - LANGUAGE CODE
Language code of text/sound track or separate title eng
082 ## - DEWEY DECIMAL CLASSIFICATION NUMBER
Classification number 823.9
Author mark and year BAK 1958
100 1# - MAIN ENTRY--PERSONAL NAME
Personal name Bayley, Viola. [from old catalog]
9 (RLIN) 57925
245 10 - TITLE STATEMENT
Title Kashmir adventure /
Statement of responsibility, etc. Viola Bayley
260 ## - PUBLICATION, DISTRIBUTION, ETC. (IMPRINT)
Place of publication, distribution, etc. London :
Name of publisher, distributor, etc. Dent,
Date of publication, distribution, etc. [c1956] reprinting 1958
300 ## - PHYSICAL DESCRIPTION
Pagination 151 p. :
Illustrations illus. ;
Size 20 cm.
942 ## - ADDED ENTRY ELEMENTS (KOHA)
Source of classification or shelving scheme Dewey Decimal Classification
Koha item type Books
Holdings
Lost status Source of classification or shelving scheme Damaged status Not for loan Collection code Permanent Location Current Location Shelving location Date acquired Source of acquisition Cost, normal purchase price Total Checkouts Full call number Date last seen Copy number Koha item type
  Dewey Decimal Classification   Not For Loan Fiction Central Library, University of Rajshahi Central Library, University of Rajshahi Reading Room 26/08/1961 Mirza Book agency 18.75   823.9 BAK 1958 22/02/2014 C-1 Books